000 nam a22 a 4500
999 _c444366
_d444366
003 BLK
005 20220209153642.0
008 220209b bu |||||r|||| 00| | bu d
040 _aBLK
041 _aTUR
_cTUR
080 _aСпирохетози. Лептоспирози - Възвратен тиф, болест на Вайл, блатна треска, кучешка тения. Вж и 616-002. 6; 616. 97
_b616.986
_z616.986
100 _9470572
_aZahariev, Gatju
_eпърви автор
139 _aZahariev, Gatju
245 _aKopek tenyasi
_cGatyu Zaharief; вulg. cev. Ana Kisyova
260 _9216641
_aSofia
_bNar. prosv.
_c1957
300 _a27 с.
_c18 см
380 _a61
490 _9456003
_aМедицинска литература
650 7 _9157374
_aИнфекциозни болести
653 7 _9187774
_aинфекциозни болести
653 7 _9198156
_aтении
700 _947
_aKisjova, Ana
_ebulg. cev.
852 _aЦб I 1730
_bО
942 _cKNG
_n0
_s1
944 _aCR
_c2022-02-09
_kХристина Везирева
999 _d444359